Memoria que el Contra-Almirante d. Patricio Lynch, General en Jefe del Ejército de Operaciones en el Norte del Perú, presenta al Supremo Gobierno de Chile, 1882

Na minha lista:
Detalhes bibliográficos
Autor principal: Lynch, Patricio (autor)
Formato: Livro
Idioma:espanhol
Publicado em: Santiago Los Héroes Olvidados 2013
Assuntos:
Tags: Adicionar Tag
Sem tags, seja o primeiro a adicionar uma tag!

MARC

LEADER 00000cam a2200000 a 4500
001 UCE2378
003 CL-VaPUC
005 20210610135048.0
008 140703e20130000cl |||||||||||||||||spa|d
999 |c 355982  |d 355980 
040 |c Pontificia Universidad Católica de Valparaíso 
082 0 4 |a 983  |b LYN  |2 21 
100 |a Lynch, Patricio  |e autor  |9 861354 
245 1 0 |a Memoria que el Contra-Almirante d. Patricio Lynch, General en Jefe del Ejército de Operaciones en el Norte del Perú, presenta al Supremo Gobierno de Chile, 1882 
260 |a Santiago  |b Los Héroes Olvidados  |c 2013 
300 |a 558 p 
500 |a Transcripción: Mauricio Pelayo González 
500 |a Edición original: Imprenta calle 7, Lima, Perú, 1882 
583 |a last modification  |c 20140703 14:09:00  |k Rodrigo Vera 
650 0 |a Historia de Chile  |9 265473 
650 7 |a MEMORIAS  |2 CL-VaPUC  |9 269159 
942 |c BK  |2 ddc 
945 |d 20140703 14:09:00  |a cmena 
952 |0 0  |1 0  |3 erd  |4 0  |6 983_000000000000000_LYN_2013  |7 0  |8 A  |9 463047  |a BIBDER  |b BIBDER  |i 5088461  |o 983 LYN 2013  |p 5088461  |r 2023-01-25  |w 2019-11-23  |y BK  |z Catalogado en:20140703  |k DER